| 000 | 00421nam a2200121Ia 4500 | ||
|---|---|---|---|
| 008 | 211119s9999||||xx |||||||||||||| ||und|| | ||
| 082 |
_a894.812 3 _bPAD-P |
||
| 100 | _aPadmarajan, P | ||
| 245 | 0 | _aPadmarajante Kathakal Sampoornam | |
| 260 |
_bD c Books _aKottayam _c2009 |
||
| 650 |
_a Literature & rhetoric _vLiteratures of other languagesAltaic, Uralic, Hyperborean & Dravidian Malayalam _xGeneral stack |
||
| 942 | _cBOOK | ||
| 999 |
_c118418 _d118418 |
||